LIBRARY LEGISLATION IN INDIA : A CRITICAL AND COMPARATIVE STUDY OF STATE LIBRARY ACTS (Record no. 20100)
[ view plain ]
| 000 -LEADER | |
|---|---|
| fixed length control field | 00489cam a2200181ua 4500 |
| 008 - FIXED-LENGTH DATA ELEMENTS--GENERAL INFORMATION | |
| fixed length control field | 151208n2004 II |||gr||||Z||||||eng |
| 040 ## - CATALOGING SOURCE | |
| Original cataloging agency | MAIN |
| 041 ## - LANGUAGE CODE | |
| -- | English |
| 082 ## - DEWEY DECIMAL CLASSIFICATION NUMBER | |
| Classification number | 020 ISA |
| 100 ## - MAIN ENTRY--PERSONAL NAME | |
| Personal name | ISAAC, K. |
| 245 ## - TITLE STATEMENT | |
| Title | LIBRARY LEGISLATION IN INDIA : A CRITICAL AND COMPARATIVE STUDY OF STATE LIBRARY ACTS |
| 250 ## - EDITION STATEMENT | |
| Edition statement | 1ST. |
| 260 ## - PUBLICATION, DISTRIBUTION, ETC. | |
| Place of publication, distribution, etc. | NEW DELHI |
| Name of publisher, distributor, etc. | ESS ESS PUBLICATION |
| Date of publication, distribution, etc. | 2004 |
| 300 ## - PHYSICAL DESCRIPTION | |
| Extent | 332: |
| Dimensions | 20CM. |
| 942 ## - ADDED ENTRY ELEMENTS (KOHA) | |
| Koha item type | Books |
| 653 ## - INDEX TERM--UNCONTROLLED | |
| Uncontrolled term | Library & information sciences |
| Withdrawn status | Lost status | Damaged status | Not for loan | Collection code | Home library | Current library | Shelving location | Date acquired | Full call number | Barcode | Date last seen | Copy number | Price effective from | Koha item type |
|---|---|---|---|---|---|---|---|---|---|---|---|---|---|---|
| REFHIS | Central Library and Information Centre Sibsagar Girls College | Central Library and Information Centre Sibsagar Girls College | Sports Journalism Library sc | 26.02.2014 | 020 ISA | 30764 | 27.02.2020 | 1 | 27.02.2020 | Books |